| 000 | 00703nam a2200193 a 4500 | ||
|---|---|---|---|
| 001 | 000049097 | ||
| 005 | 20201002061642.0 | ||
| 008 | 190718s2006 dr 000 0 spa d | ||
| 040 |
_aDO-SdBNP _bspa _cBNPHU |
||
| 082 |
_axx _bxx |
||
| 110 | 2 |
_aSuperintendencia de Valores, _bRepública Dominicana _976474 |
|
| 245 | 0 | 0 |
_aPreguntas mas frecuentes sobre el mercado de valores / _cFé Cristina Batista, Annabelle Frias G. |
| 260 |
_aSanto Domingo,República Dominicana :, _c2006. |
||
| 300 |
_a28 p. ; _c22 cm. |
||
| 590 | _aInventariado, 2019/VM | ||
| 700 | 1 |
_aBatista, Fé Cristina _975514 |
|
| 700 | 1 |
_aFrias G., Annabelle _976475 |
|
| 710 | 2 |
_aSuperintendencia de Valores, (República Dominicana) _976476 |
|
| 999 |
_c48585 _d48585 |
||